000
00311nam a22001337a 4500
020
_a
978-93-5316-714-1
041
_a
ENG
100
_a
Sharma A
245
_a
How to Prepare for Data Interpretation
260
_a
New Delhi
_b
MC Graw Hill
_c
2014
300
_a
3.3.28
650
_a
CAT
856
_u
Competitive Exam
999
_c
221
_d
221